| 000 | 01294cas a2200397 a 4500 | ||
|---|---|---|---|
| 999 |
_c532747 _d532747 |
||
| 001 | 11401746 | ||
| 003 | NUST | ||
| 005 | 20191130125307.0 | ||
| 007 | t| | ||
| 008 | 910226c19919999gauar 0 a0eng c | ||
| 010 |
_a 92641672 _zsn 91001814 |
||
| 022 | 0 |
_a1055-3584 _l1055-3584 _21 |
|
| 035 | _a(OCoLC)ocm23158330 | ||
| 038 | _awaseem | ||
| 040 |
_aNSDP _cNSDP _dDLC _dNSDP _dDLC _dNST _dOCoLC |
||
| 042 |
_ansdp _apcc |
||
| 050 | 0 | 0 |
_aHG4538 _b.S494 |
| 082 | 0 | 0 |
_a338.8805 _bSIT |
| 210 | 0 | _aSITE world | |
| 222 | 0 | _aSITE world | |
| 245 | 0 | 0 |
_aSite world : _bthe book of corporate global strategies. |
| 260 |
_aNorcross, Ga. : _bConway Data, _cc1991- |
||
| 265 | _aConway Data, Inc., 40 Technology Park Atlanta, Norcross, GA 30092 | ||
| 300 |
_av. : _bill. ; _c29 cm. |
||
| 310 | _aAnnual | ||
| 362 | 0 | _a[Vol. 1 (1991)]- | |
| 515 | _aFirst issue published without numeric or chronological designation. | ||
| 590 | _aSERBIB/SERLOC merged record | ||
| 650 | 0 |
_aInvestments, Foreign _vPeriodicals. _926324 |
|
| 650 | 0 |
_aInternational business enterprises _vPeriodicals. _926325 |
|
| 650 | 0 |
_aEconomic history _y1990- _vPeriodicals. _926326 |
|
| 710 | 2 |
_aConway Data, Inc. _926327 |
|
| 906 |
_a7 _bcbc _cserials _d2 _encip _f19 _gn-oclcserc |
||
| 942 |
_2ddc _cBK |
||